|
|
|
|
| LEADER |
00000cam a22000004a 4500 |
| 001 |
musev2_55784 |
| 003 |
MdBmJHUP |
| 005 |
20230905045728.0 |
| 006 |
m o d |
| 007 |
cr||||||||nn|n |
| 008 |
151111e201112 sp o 00 0 spa d |
| 010 |
|
|
|z 2015517940
|
| 020 |
|
|
|a 9788436263183
|
| 020 |
|
|
|z 9788436262780
|
| 040 |
|
|
|a MdBmJHUP
|c MdBmJHUP
|
| 050 |
0 |
4 |
|a GN345
|b .D49 2011
|
| 100 |
1 |
|
|a Díaz de Rada, Angel,
|e author.
|
| 245 |
1 |
3 |
|a El taller del etnógrafo. Materiales y herramientas de investigación en etnografía /
|c Ángel Díaz de Rada.
|
| 250 |
|
|
|a Primera edición.
|
| 264 |
|
1 |
|a Madrid :
|b Universidad Nacional de Educación a Distancia,
|c diciembre de 2011.
|
| 264 |
|
3 |
|a Baltimore, Md. :
|b Project MUSE,
|c 0000
|
| 264 |
|
4 |
|c ©diciembre de 2011.
|
| 300 |
|
|
|a 1 online resource:
|b illustrations, maps ;
|
| 336 |
|
|
|a text
|b txt
|2 rdacontent
|
| 337 |
|
|
|a computer
|b c
|2 rdamedia
|
| 338 |
|
|
|a online resource
|b cr
|2 rdacarrier
|
| 490 |
0 |
|
|a Colección Grado
|
| 500 |
|
|
|a Contains a few previously published works.
|
| 504 |
|
|
|a Includes bibliographical references.
|
| 588 |
|
|
|a Description based on print version record.
|
| 650 |
|
0 |
|a Ethnology
|x Research.
|
| 650 |
|
0 |
|a Ethnology
|x Methodology.
|
| 655 |
|
7 |
|a Electronic books.
|2 local
|
| 700 |
1 |
2 |
|a Díaz de Rada, Angel.
|t Primeros de la clase y los últimos románticos.
|
| 710 |
2 |
|
|a Project Muse.
|e distributor
|
| 830 |
|
0 |
|a Book collections on Project MUSE.
|
| 856 |
4 |
0 |
|z Texto completo
|u https://projectmuse.uam.elogim.com/book/55784/
|
| 945 |
|
|
|a Project MUSE - Custom Collection
|